000 00957nab a2200205 i 4500
001 768714001
003 CO-MdFUSB
005 20240426125129.0
008 240426t1994 us ||||| |||| 00| 0 eng d
040 _bspa
_cCO-MdFUSB
_dCO-MdFUSB
041 _aeng
100 _aPohl, Wayne,
_eautor
245 _aRunning into reality
_c/ Wayne Pohl
300 _aVolumen 15, número 3 (summer, 1994), páginas: 82 - 86
_c; 27 cm
520 _aEte artículo hace referencia a que la mayoría de los pastores tienen visión más que suficiente. Lo que necesitan es una mayor comprensión de la realidad. Y recordar que la misión central de la iglesia nunca cambia, pero la forma en que se logra está sujeta a revisión.
546 _aTexto en inglés.
650 7 _aLiderazgo
_xAspectos religiosos
_97268
773 0 _068780
_982553
_oR2487
_tLeadership :
_w(CO-MdFUSB)768714001
_gVolumen 15, número 3 (summer, 1994), páginas: 82 - 86
_qpágina: 82
942 _cANA
999 _c69409
_d69409